000 01090nam0a22002891 4500
001 rc\2956954
005 20250806211415.0
035 _a(NLR Aleph) 007104121
090 _a63038
_c63038
100 _a20110901d1943 u y0rusy50 ca
101 0 _arus
102 _aRU
105 _aa z |||||
200 1 _aАвтосины и применение их в авиаприборах
_fСост. ст. инж. НИИ ГВФ А.В. Трофимов
_gНауч.-исслед. ин-т ГВФ
210 _aМосква
_cРед.-изд. отдел Аэрофлота
_d1943
215 _a32 с.
_cил., схем.
_d20 см
300 _aНа обл. составитель не указан
300 _aНа обл. загл.: Автосины
320 _aБиблиогр.: с. 30
700 1 _aТрофимов
_bА.В.
_gАлександр Владимирович
801 0 _aRU
_bNLR
_gpsbo
801 1 _aRU
_bELAR
_2rusmarc
852 _aNLR
_jТ94 Г-4/53
942 _cBOOK
945 _aРоссийская национальная библиотека
980 _aNB
980 _aBV